[Event "Madrid Oliver Gonzalez Memorial 2nd"]
[Site "Madrid"]
[Date "2011.10.16"]
[Round "9"]
[White "Tamaslacariu, Ionut"]
[Black "Campos Palacios, Daniel"]
[Result "0-1"]
[WhiteElo "1831"]
[BlackElo "1958"]
[PlyCount "118"]
[EventDate "2011.10.08"]
[EventType "swiss"]
[EventRounds "9"]
[EventCountry "ESP"]
[SourceTitle "CBM 144 Extra"]
[Source "ChessBase"]
[SourceDate "2011.10.28"]
[SourceVersion "1"]
[SourceVersionDate "2011.10.28"]
[SourceQuality "1"]

1. c4 e5 2. Nc3 Bb4 3. e4 Nf6 4. Nge2 c6 5. a3 Bc5 6. d4 exd4 7. Nxd4 d6 8. Nb3 Bb6 9. Bf4 Ng4 10. c5 dxc5 11. Qxd8+ Kxd8 12. 0-0-0+ Ke8 13. Bg3 Be6 14. Nd2 Ba5 15. Nc4 Bxc3 16. Nd6+ Ke7 17. bxc3 b6 18. h3 Nh6 19. Bh4+ f6 20. g4 Nf7 21. Nf5+ Bxf5 22. exf5 Rd8 23. Bg2 Rxd1+ 24. Rxd1 Nd7 25. Bxc6 Rd8 26. Bg3 Nde5 27. Bd5 Rc8 28. f4 Nc6 29. Re1+ Kf8 30. h4 h6 31. Re6 Ne7 32. Bc4 Rc6 33. Bb5 Rd6 34. g5 a6 35. Bxa6 Nxf5 36. Rxd6 N7xd6 37. gxh6 gxh6 38. Be1 c4 39. Bf2 b5 40. Bc5 Ke8 41. Kd1 Kd7 42. Ke2 h5 43. Bf2 Kc6 44. Kf3 Ne7 45. Bd4 Nd5 46. Be5 fxe5 47. fxe5 Nf5 48. Ke4 Nxh4 49. Bxb5+ Kc5 50. Be8 Nxc3+ 51. Kf4 Nd5+ 52. Ke4 Nc3+ 53. Ke3 Nf5+ 54. Kf4 h4 55. Kxf5 h3 56. Bh5 Nb5 57. Ke4 c3 58. Kd3 c2 59. Kxc2 h2 0-1

[Event "Madrid Oliver Gonzalez Memorial 2nd"]
[Site "Madrid"]
[Date "2011.10.11"]
[Round "4"]
[White "Cabanas Bravo, Juan Andres"]
[Black "Tamaslacariu, Ionut"]
[Result "1-0"]
[WhiteElo "2065"]
[BlackElo "1831"]
[PlyCount "61"]
[EventDate "2011.10.08"]
[EventType "swiss"]
[EventRounds "9"]
[EventCountry "ESP"]
[SourceTitle "CBM 144 Extra"]
[Source "ChessBase"]
[SourceDate "2011.10.28"]
[SourceVersion "1"]
[SourceVersionDate "2011.10.28"]
[SourceQuality "1"]

1. e4 e5 2. d4 exd4 3. c3 dxc3 4. Bc4 Qe7 5. Nxc3 Nf6 6. Nf3 Nc6 7. 0-0 Ne5 8. Nxe5 Qxe5 9. Qb3 Qh5 10. e5 Ng4 11. Bf4 Bc5 12. Ne4 Bd4 13. h3 Nxe5 14. Ng3 Qg6 15. Bxe5 Bxe5 16. Rae1 d6 17. f4 0-0 18. fxe5 Be6 19. Bxe6 fxe6 20. exd6 Rxf1+ 21. Nxf1 Kh8 22. Qxb7 Rf8 23. dxc7 Qc2 24. Qb8 Qf2+ 25. Kh1 Qf4 26. Qxa7 Qc4 27. Nh2 h6 28. Ng4 Qb4 29. Rd1 Kh7 30. Qa3 Qf4 31. Qd3+ 1-0